| 000 | 00865nam a2200217Ia 4500 | ||
|---|---|---|---|
| 999 |
_c39668 _d39668 |
||
| 001 | 6270 | ||
| 003 | GE_BSU | ||
| 005 | 20190930171226.0 | ||
| 008 | 181216s1972||||ge |||||||||||||| ||geo|| | ||
| 040 | _cGE_BSU | ||
| 041 | _ageo | ||
| 080 | _a821.353.1-2 ბ-17 | ||
| 100 |
_aბათიაშვილი, გურამ _94367 |
||
| 245 |
_aოთხი დღე : _bდოკუმენტური დრამა ორ მოქმედებად / _cგურამ ბათიაშვილი ; რედ. დ. ანთაძე. |
||
| 264 |
_aთბილისი : _bხელოვნება ; _c1972. |
||
| 300 |
_a84გვ. ; _c17 სმ. |
||
| 653 | _aოთხი დღე | ||
| 653 | _aდოკუმენტური დრამა | ||
| 700 |
_aანთაძე, დ. _eრედაქტორი _94406 |
||
| 942 |
_cBK _2udc |
||